000 00845nam a2200253Ia 4500
003 OSt
005 20220923211207.0
006 a|||||r|||| 00| 0
007 ta
008 220922b |||||||| |||| 00| 0 hin d
020 _a97808190630306 (hbk)
024 _a236,950
037 _cTextual
040 _aARTS
_cARTS
_bhin
041 _2hin
_ahin
082 _aV2yN39, 152P8
100 _aशर्मा, राम नाथ, संपा.
_9159424
245 0 _aअबोलों के बोल
_b डॉ रामकरण पाल
246 _aAboloan ke bola: ḍaॉ. Rāmakaraṇ pāla
260 _aपटना
_b पाल प्रकाशन
_c2008
300 _a176पृ.
_ccm.
942 _hV2yN39, 152P8
_cTEXL
_2CC
999 _c296645
_d296645